| 000 | 00604nam a2200229Ia 4500 | ||
|---|---|---|---|
| 003 | OSt | ||
| 005 | 20220924152326.0 | ||
| 006 | a|||||r|||| 00| 0 | ||
| 007 | ta | ||
| 008 | 220923b |||||||| |||| 00| 0 ara d | ||
| 024 | _a342036 | ||
| 037 | _cTextual | ||
| 040 |
_aARTS _cARTS _bara |
||
| 041 |
_2ara _aara |
||
| 082 | _aQ7w46,M51, 28L8 | ||
| 100 |
_aMaleh Mohammad Riyaz Au. _9226391 |
||
| 245 | 0 | _aAalim al-amah-o-Zahid al-asar | |
| 260 | _c1978 | ||
| 650 |
_aISLAM _9577 |
||
| 942 |
_hQ7w46,M51, 28L8 _cTEXL _2CC |
||
| 999 |
_c469473 _d469473 |
||